1822 1774 1026 1249 1383 1796 1472 1522 1547 1817 1256 1706 1792 1381 1138 1826 1717 1268 1260 1847 1692 1335 1162 1274 1856 1042 1724 1658 1069 1768 1917 1168 1194 1377 1955 1096 1867 1811 1289 1739 1175 1258 1529 1415 1955 1807 1777 1505 1411 1425 1106 1012 1954 1002 1908 1389 1522 1983 1562 1649 1581 1388 1430 1329 1775 1207 1276 1854 1042 1473 1597 1033 1509 1169 1414 1588 1274 1353 1868 1547 1436 1523 1975 1943 1233 1967 1278 1950 1015 1858 1938 1425 1420 1917 1460 1930 1218 1610 1831 BCNSPRNW ULIB Ver.6.0+V

เปลี่ยนเป็นภาษาไทย

Change to English
 แสดงรายละเอียดบรรณานุกรม
  กลับหน้าหลัก

Brief Record : Get Marc (ISO 2709) : E-mail record : QR code < ปิดหน้าต่าง
LEADER : 00000nam 2200000uu 4500
001    13399122031
003     ULIB
008    121220s2544||||th 000 0 tha d
020    ^a9744091304
060 04 ^aWK810^bอ585ค 2544
100 0  ^aอาเบะ ทะสึมิ
245 00 ^aคู่มือรักษาโรคเบาหวานด้วยตนเอง /^cอาเบะ ทะสึมิ,เขียน;พนิดา กุลประสูติดิลก, แปล
250    ^aพิมพ์ครั้งที่ 1
260    ^aกรุงเทพฯ :^bสุขภาพใจ,^c2544
300    ^a512 หน้า :^bภาพประกอบ
650  7 ^aโรคเบาหวาน^xการรักษา
700 0  ^aพนิดา กุลประสูติดิลก,^eผู้แปล
945    ^p300^l0^i24768
995    ^aกัณชพร
999 ^a ใช้งานได้ทุกระบบ
รายการนี้ยังไม่มีแท็ก
คุณยังไม่ได้ล็อกอิน คุณสามารถมีกิจกรรมร่วมกับเว็บไซต์ได้ แต่ต้องล็อกอินก่อน ::
  ล็อกอิน

รายการสื่อสารสนเทศ

ลำดับที่ ประเภท เลขเรียก/บาร์โค้ด สถานที่ สถานะ
1. วิทยาศาสตร์การแพทย์ และสุขภาพ
วิทยาศาสตร์การแพทย์ และสุขภาพ
WK810 อ585ค 2544  
  Barcode: 24768
ห้องสมุดวิทยาเขตสวรรค์ประชารักษ์
►หนังสือทั่วไป
บนชั้น

BibComment


ยังไม่เคยถูกคอมเมนท์

คอมเมนท์ทรัพยากรรายการนี้
  คอมเมนท์: คู่มือรักษาโรคเบ..


 Copyright 2026. Bcnsprnw @Library